[Event "24th ECC"]
[Site "Kallithea GRE"]
[Date "2008.10.17"]
[Round "1"]
[White "Pulkkinen,K"]
[Black "Miroshnichenko,E"]
[Result "0-1"]
[WhiteElo "2308"]
[BlackElo "2632"]

1.e4 c5 2.Nf3 Nc6 3.d4 cxd4 4.Nxd4 Nf6 5.Nc3 d6 6.Bg5 Qb6 7.Nb3 e6 8.Qd2 a6
9.O-O-O Be7 10.f3 O-O 11.Be3 Qc7 12.g4 b5 13.g5 Nd7 14.f4 Bb7 15.Bd3 Nb4
16.Kb1 Nxd3 17.cxd3 Nc5 18.Nd4 b4 19.Nce2 a5 20.Rhg1 Rfc8 21.h4 a4 22.h5 e5
23.Nf5 Nb3 24.Nxe7+ Kf8 25.Nxc8 Nxd2+ 26.Rxd2 Rxc8 27.fxe5 dxe5 28.Rc1 Qd6
29.Rxc8+ Bxc8 30.d4 Bg4 31.d5 Bxe2 32.Rxe2 Qa6 33.Re1 Qd3+ 34.Ka1 Ke8 35.Bc1 Kd7
36.h6 gxh6 37.gxh6 f6 38.Re3 Qc2 39.Re1 Ke8  0-1

[Event "Ugra Cup"]
[Site "Khantiy Mansiysk RUS"]
[Date "2008.10.17"]
[Round "3"]
[White "Solodovnichenko,Y"]
[Black "Obodchuk,A"]
[Result "1-0"]
[WhiteElo "2590"]
[BlackElo "2434"]

1.e4 c5 2.Nf3 d6 3.d4 cxd4 4.Nxd4 Nf6 5.Nc3 Nc6 6.Bg5 e6 7.Qd2 Be7 8.O-O-O Nxd4
9.Qxd4 a6 10.f3 b5 11.Kb1 Bb7 12.a3 Rc8 13.h4 O-O 14.g4 Rc6 15.Qd2 Nd7 16.Ne2 Ne5
17.Nd4 Rc8 18.Qe3 Qd7 19.Rh2 f6 20.Bf4 Nc4 21.Bxc4 bxc4 22.Ne2 d5 23.exd5 exd5
24.Qc3 Rfe8 25.Nd4 Bc5 26.Nf5 Rcd8 27.Rhd2 Qe6 28.Nd4 Qb6 29.g5 Rd7 30.Rg2 Bc8
31.h5 fxg5 32.Rxg5 Qf6 33.Bc1 Re5 34.f4 Re4 35.Ne2 Be7 36.Re5 Rxe5 37.fxe5 Qf5
38.h6 Bf8 39.Nf4 Bb7 40.Rg1 Re7 41.hxg7 Rxg7 42.Rd1 Re7 43.Nxd5 Rxe5 44.Ne3 Qe6
45.Rg1+ Kf7 46.Nxc4 Rf5 47.Re1 Qf6 48.Ne5+ Kg7 49.Rg1+  1-0

[Event "24th ECC"]
[Site "Kallithea GRE"]
[Date "2008.10.19"]
[Round "3"]
[White "Botto,J"]
[Black "Nieminen,K"]
[Result "0-1"]
[WhiteElo "1907"]
[BlackElo "2210"]

1.e4 c5 2.Nf3 d6 3.d4 cxd4 4.Nxd4 Nf6 5.Nc3 Nc6 6.Bg5 e6 7.f3 a6 8.Qd2 Be7
9.O-O-O Qc7 10.g4 h5 11.Be2 hxg4 12.fxg4 Ne5 13.Rdf1 Bd7 14.Bf3 O-O-O 15.h3 Kb8
16.Bg2 Rc8 17.Nde2 Qa5 18.Kb1 Nc4 19.Qd3 Qxg5  0-1

[Event "Ugra Cup"]
[Site "Khantiy Mansiysk RUS"]
[Date "2008.10.19"]
[Round "5"]
[White "Smirnov,P"]
[Black "Mamedov,Rau"]
[Result "1/2-1/2"]
[WhiteElo "2579"]
[BlackElo "2631"]

1.e4 c5 2.Nf3 d6 3.d4 cxd4 4.Nxd4 Nf6 5.Nc3 Nc6 6.Bg5 e6 7.Qd2 Be7 8.O-O-O a6
9.f4 Nxd4 10.Qxd4 b5 11.Be2 Bb7 12.Bf3 O-O 13.e5 Bxf3 14.gxf3 dxe5 15.Qxe5 Qb8
16.Rhg1 Kh8 17.Ne4 Qxe5 18.fxe5 Nd5 19.Bxe7 Nxe7 20.Nd6  1/2-1/2

[Event "WYCC Boys U18"]
[Site "Vung Tau City VIE"]
[Date "2008.10.20"]
[Round "1"]
[White "Ter Sahakyan,S"]
[Black "Ton That Nhu Tung"]
[Result "1-0"]
[WhiteElo "2495"]
[BlackElo "2225"]

1.e4 c5 2.Nf3 d6 3.d4 cxd4 4.Nxd4 Nf6 5.Nc3 Nc6 6.Bg5 e6 7.Qd2 a6 8.O-O-O Bd7
9.f4 h6 10.Bh4 Nxe4 11.Qe1 Nf6 12.Nf5 Qa5 13.Nxd6+ Bxd6 14.Rxd6 O-O-O 15.Rd1 Kb8
16.Qg3 Rhg8 17.Bd3 Ka8 18.Qe3 Bc8 19.a3 g5 20.fxg5 hxg5 21.Bg3 Ng4 22.Qe2 f5
23.Rde1 e5 24.h3 Nf6 25.Bxe5 Rde8 26.Bxf6 Rxe2 27.Rxe2 Bd7 28.h4 gxh4 29.Rxh4 Rf8
30.Bg7 Rg8 31.Bf6 Rf8 32.Bg5 Ne5 33.Rd4 Bc6 34.Bf4 Nxd3+ 35.Rxd3 Be4 36.Rde3 Bc6
37.g3 Rh8 38.Re1 Qc5 39.Kb1 Rc8 40.Rd1 Qc4 41.Red3 b5 42.Rd4 Qc5 43.Bd6 Qa7
44.Nd5 Bxd5 45.Rxd5 Qf2 46.R5d2 Qf3 47.Bf4 Qe4 48.Rh2 Ka7 49.Rd7+ Kb6 50.Rh6+ Rc6
51.Bc7+ Kb7 52.Ba5+ Kb8 53.Rd8+ Rc8 54.Rb6+  1-0

[Event "WYCC Girls U16"]
[Site "Vung Tau City VIE"]
[Date "2008.10.21"]
[Round "2"]
[White "Pon,N"]
[Black "Chan Wei Yi,V"]
[Result "1-0"]
[WhiteElo "2191"]
[BlackElo "1902"]

1.e4 c5 2.Nf3 d6 3.d4 cxd4 4.Nxd4 Nf6 5.Nc3 Nc6 6.Bg5 e6 7.f4 Be7 8.Ndb5 a6
9.Bxf6 gxf6 10.Nd4 Qb6 11.Nxc6 bxc6 12.Qc1 Bb7 13.Bd3 Rg8 14.Qd2 O-O-O 15.O-O-O h5
16.g3 d5 17.exd5 cxd5 18.Rde1 h4 19.Rhg1 Bc6 20.Qe2 Kb7 21.Qh5 Rgf8 22.Qxh4 Bc5
23.Rgf1 Be3+ 24.Kb1 Bd4 25.Ka1 Ka8 26.Rb1 Bxc3 27.bxc3 Qa5 28.Qxf6 d4 29.Rb3 Rd7
30.Rfb1 Rc8 31.h4 Bd5 32.Qe5 Rdc7 33.c4 f6 34.Qxd4 Bc6 35.Qxf6 Qc5 36.Qe5 Qe7
37.Qa5 Qf6+ 38.R1b2 Ra7 39.Qe5 Qd8 40.h5 a5 41.h6 a4 42.Rb6 a3 43.R2b3 Qe8
44.h7 Bb7 45.Be4 Qd7 46.Bxb7+ Rxb7 47.Rxa3+ Ra7 48.Qe4+ Rc6 49.h8=Q+  1-0

[Event "WYCC Boys U16"]
[Site "Vung Tau City VIE"]
[Date "2008.10.21"]
[Round "2"]
[White "Lovik,L"]
[Black "Bregadze,L"]
[Result "0-1"]
[WhiteElo "2167"]
[BlackElo "2387"]

1.e4 c5 2.Nf3 d6 3.d4 cxd4 4.Nxd4 Nf6 5.Nc3 Nc6 6.Bg5 e6 7.Qd2 a6 8.O-O-O Bd7
9.f3 b5 10.Nxc6 Bxc6 11.Ne2 Be7 12.Nd4 Bb7 13.Be3 Qc7 14.g4 Nd7 15.Kb1 Rc8
16.c3 Ne5 17.Ka1 d5 18.Bf4 O-O 19.Bd3 Bd6 20.Rhe1 dxe4 21.Bxe4 Bxe4 22.Bxe5 Bxe5
23.Rxe4 Rfd8 24.f4 Bf6 25.g5 Be7 26.f5 exf5 27.Rxe7 Qxe7 28.Nc6 Rxd2 29.Nxe7+ Kf8
30.Ng6+ hxg6 31.Rxd2 Rc4 32.Rd6 f4 33.Rd2 Re4 34.Kb1 Ke7 35.a4 Ke6 36.a5 Kf5
37.Rd5+ Kg4 38.Rd7 f3  0-1

[Event "WYCC Boys U14"]
[Site "Vung Tau City VIE"]
[Date "2008.10.21"]
[Round "2"]
[White "Narayanan,Sr"]
[Black "Thanarotrung,R"]
[Result "1-0"]
[WhiteElo "2412"]
[BlackElo "1787"]

1.e4 c5 2.Nf3 Nc6 3.d4 cxd4 4.Nxd4 Nf6 5.Nc3 d6 6.Bg5 a6 7.Qd2 Qc7 8.O-O-O b5
9.Bxf6 gxf6 10.Nd5 Qb7 11.Nxc6 Qxc6 12.Qa5 Rb8 13.Rd3 b4 14.Rd4 Bh6+ 15.Kb1 Qc5
16.Nc7+ Kf8 17.Qxc5 dxc5 18.Rd8+ Kg7 19.Ne8+ Kg6 20.Bxa6 Bf4 21.Bxc8 Bc7
22.Bf5+ Kh6 23.Rxb8 Bxb8 24.Bd7 Be5 25.g3 Rg8 26.a4 Bb8 27.f4 Kg6 28.a5 h5
29.a6 h4 30.Rd1 hxg3 31.hxg3 Ba7 32.Bf5+  1-0

[Event "WYCC Boys U14"]
[Site "Vung Tau City VIE"]
[Date "2008.10.21"]
[Round "2"]
[White "Givon,A"]
[Black "Lagarde,Max"]
[Result "0-1"]
[WhiteElo "2101"]
[BlackElo "2332"]

1.e4 c5 2.Nf3 d6 3.d4 cxd4 4.Nxd4 Nf6 5.Nc3 Nc6 6.Bg5 e6 7.Qd2 a6 8.O-O-O Nxd4
9.Qxd4 Be7 10.f3 Qc7 11.Kb1 b5 12.h4 Bb7 13.Qd2 b4 14.Ne2 h6 15.Bxf6 Bxf6
16.Qxd6 Rc8 17.Qxc7 Rxc7 18.Nc1 O-O 19.Nb3 Ra8 20.Na5 Bc8 21.Rd6 Be7 22.Rc6 Rxc6
23.Nxc6 Bc5 24.Be2 Bd7 25.Ne5 Be8 26.Nd3 Be7 27.g3 Kf8 28.Rc1 Rd8 29.Rd1 a5
30.Kc1 Rc8 31.Kd2 a4 32.Rc1 f6 33.c3 bxc3+ 34.Rxc3 Rd8 35.Kc1 e5 36.Nc5 Bf7
37.Nxa4 Bb4 38.Rc2 Be1 39.Bc4 Bxg3 40.b4 Bxc4 41.Rxc4 Bxh4 42.b5 Bf2 43.Nc5 Ke7
44.Na6 Rd7 45.a4 h5 46.Nb8 Rb7 47.Nc6+ Kd6 48.Kd1 h4 49.Ke2 Bb6 50.Kf1 h3
51.Nb4 Rb8 52.Rc6+ Kd7 53.Nd5 Bd4 54.Rc7+ Ke6 55.Rc2 Rh8 56.Rh2 f5 57.a5 fxe4
58.fxe4 g5 59.b6 g4 60.a6 Rg8 61.a7 g3 62.Rxh3 g2+ 63.Ke2 g1=Q 64.Rh6+ Kf7  0-1

[Event "USCL 2008"]
[Site "ICC INT"]
[Date "2008.10.22"]
[Round "9"]
[White "Burnett,R"]
[Black "Mikhailuk,S"]
[Result "0-1"]
[WhiteElo "2368"]
[BlackElo "2436"]

1.e4 c5 2.Nf3 Nc6 3.d4 cxd4 4.Nxd4 Nf6 5.Nc3 d6 6.Bg5 Bd7 7.Bc4 Qa5 8.Bxf6 gxf6
9.Nb3 Qg5 10.g3 f5 11.Qe2 Bg7 12.Nd5 O-O 13.f4 Qg6 14.Bb5 Kh8 15.exf5 Qxf5
16.O-O-O a6 17.Bc4 b5 18.g4 Qxg4 19.Rhg1 Qxe2 20.Bxe2 Bf5 21.Bf3 Rac8 22.c3 Bh6
23.Bg4 Bxg4 24.Rxg4 Rg8 25.Rh4 Rg6 26.Kb1 f5 27.Ne3 Rf8 28.Rd5 e5 29.Rh5 Ne7
30.Rd1 Bxf4 31.Nc2 Rg2 32.h3 Rfg8 33.Nb4 Rg1 34.Rxg1 Rxg1+ 35.Kc2 Rg2+ 36.Kb1 Kg7
37.Nxa6 Kg6 38.Rh4 h5 39.Nd4 Bg3 40.Nxf5 Kxf5 41.Rxh5+ Ke4 42.Rh6 Nf5 43.Rg6 Ne3
44.a4 bxa4 45.Rxd6 Nc4 46.Nc5+ Kf5 47.Rd8 Rxb2+ 48.Ka1 Rb5 49.Rf8+ Kg6 50.Ne4 Bf4
51.Rc8 Ne3 52.Rg8+ Kh6 53.Ka2 Nc4 54.Rc8 Nd2 55.Rc6+ Kh5 56.Nd6 Rd5 57.c4 Rd3
58.c5 e4 59.Nf7 e3 60.Re6 Rc3 61.c6 Nc4 62.Re4 Ra3+  0-1

[Event "24th ECC"]
[Site "Kallithea GRE"]
[Date "2008.10.22"]
[Round "6"]
[White "Nedev,T"]
[Black "Nabaty,T"]
[Result "0-1"]
[WhiteElo "2525"]
[BlackElo "2456"]

1.e4 c5 2.Nf3 d6 3.d4 Nf6 4.Nc3 cxd4 5.Nxd4 Nc6 6.Bg5 g6 7.Bxf6 exf6 8.Bc4 Bg7
9.Ndb5 O-O 10.O-O f5 11.exf5 Bxf5 12.Nxd6 Bxc3 13.bxc3 Bxc2 14.Qd5 Qd7 15.Rac1 Rad8
16.Rxc2 Qxd6 17.Qxd6 Rxd6 18.Be2 Rfd8 19.Rfc1 b6 20.Kf1 Ne5 21.h4 Kg7 22.g3 f5
23.a4 a5 24.Rb1 Nd7 25.Bb5 Nc5 26.Rbb2 Rd1+ 27.Kg2 R8d6 28.Ra2 Kf6 29.f3 h6
30.Re2 g5 31.hxg5+ hxg5 32.Re8 R1d2+ 33.Rxd2 Rxd2+ 34.Kf1 Rc2 35.Rf8+ Ke6
36.Rb8 Rxc3 37.Rxb6+ Ke5 38.Ke2 Nb3 39.Rg6 Nd4+ 40.Kd2 Rb3 41.Bd7 Nxf3+ 42.Ke2 Nd4+
43.Kf2 Rb2+ 44.Ke3 Rb3+ 45.Kf2 Rb7 46.Be8 Rb2+ 47.Kf1 g4 48.Ra6 Ke4 49.Rxa5 Kf3
50.Re5 Kxg3  0-1

[Event "24th ECC"]
[Site "Kallithea GRE"]
[Date "2008.10.22"]
[Round "6"]
[White "Nemeth,Mi1"]
[Black "Kotanjian,T"]
[Result "1/2-1/2"]
[WhiteElo "2479"]
[BlackElo "2567"]

1.e4 c5 2.Nf3 Nc6 3.d4 cxd4 4.Nxd4 Nf6 5.Nc3 d6 6.Bg5 e6 7.Qd2 a6 8.O-O-O Bd7
9.Nxc6 Bxc6 10.Qe1 Qa5 11.f4 h6 12.Bxf6 gxf6  1/2-1/2

[Event "1st Bobotsov Mem"]
[Site "Sofia BUL"]
[Date "2008.10.22"]
[Round "9"]
[White "Mrdja,M"]
[Black "Rusev,K"]
[Result "0-1"]
[WhiteElo "2401"]
[BlackElo "2541"]

1.e4 c5 2.Nf3 d6 3.d4 Nf6 4.Nc3 cxd4 5.Nxd4 Nc6 6.Bg5 Bd7 7.f4 Rc8 8.Nb3 h6
9.Bxf6 gxf6 10.Bd3 Bg7 11.Qh5 Nb4 12.O-O f5 13.exf5 Nxd3 14.cxd3 Bxc3 15.bxc3 Rxc3
16.Rae1 Rxd3 17.Rf2 Kf8 18.Rfe2 Rd5 19.Rxe7 Rxf5 20.Qe2 Qb6+ 21.Kh1 Bc6 22.Re3 Rxf4
23.Rg3 Re4 24.Qd1 Rxe1+ 25.Qxe1 Qd8 26.Nd4 Rg8 27.Qf2 Qe7 28.Nf5 Qf6  0-1

[Event "WYCC Girls U18"]
[Site "Vung Tau City VIE"]
[Date "2008.10.22"]
[Round "3"]
[White "Nemcova,Kat"]
[Black "Zhorzholiani,M"]
[Result "0-1"]
[WhiteElo "2369"]
[BlackElo "2122"]

1.e4 c5 2.Nf3 d6 3.d4 cxd4 4.Nxd4 Nf6 5.Nc3 Nc6 6.Bg5 e6 7.Qd2 Qb6 8.Nb3 Be7
9.O-O-O O-O 10.f3 Rd8 11.Nb5 Rd7 12.Qe1 a6 13.N5d4 Nxd4 14.Nxd4 Qc7 15.g4 b5
16.h4 Bb7 17.Bd3 Rc8 18.Kb1 Bd8 19.Qg3 Ba8 20.Rhe1 Qa7 21.Nb3 b4 22.f4 a5
23.Bxf6 Bxf6 24.e5 dxe5 25.fxe5 Bd8 26.g5 a4 27.Nc1 a3 28.b3 Bb6 29.Rf1 Qc7
30.h5 Bg2 31.c4 Bxf1 32.Rxf1 Bd4 33.Re1 Qc5 34.Qf4 Bc3 35.Re2 Rcd8 36.Bc2 Bb2
37.Bxh7+ Kxh7 38.g6+ Kg8 39.Rf2 Qd4 40.gxf7+ Kf8  0-1

[Event "WYCC Boys U18"]
[Site "Vung Tau City VIE"]
[Date "2008.10.22"]
[Round "4"]
[White "Saric,Iv"]
[Black "Ludwig,Dan"]
[Result "1-0"]
[WhiteElo "2516"]
[BlackElo "2400"]

1.e4 c5 2.Ne2 Nc6 3.d4 cxd4 4.Nxd4 Nf6 5.Nc3 d6 6.Bg5 e6 7.Qd2 a6 8.O-O-O h6
9.Nxc6 bxc6 10.Bf4 d5 11.Qe3 Be7 12.Be2 Nd7 13.h4 O-O 14.Qg3 Kh8 15.e5 Rb8
16.Bxh6 gxh6 17.Qf4 Kg7 18.Qg4+ Kh8 19.Qh5 Kg7 20.Rh3 Nc5 21.Rd4 Rh8 22.Rf4 Rh7
23.Rxf7+ Kh8 24.Rxh7+ Kxh7 25.Rg3 Qf8 26.Rf3 Bd7 27.Rf7+ Qg7 28.Rxg7+ Kxg7
29.Qg4+ Kh7 30.b4  1-0

[Event "WYCC Boys U14"]
[Site "Vung Tau City VIE"]
[Date "2008.10.23"]
[Round "5"]
[White "Malureanu,C"]
[Black "Van Kampen,R"]
[Result "1/2-1/2"]
[WhiteElo "1948"]
[BlackElo "2307"]

1.e4 c5 2.Nf3 d6 3.d4 cxd4 4.Nxd4 Nf6 5.Nc3 Nc6 6.Bg5 e6 7.Qd2 a6 8.O-O-O Bd7
9.f4 h6 10.Bh4 g5 11.fxg5 Ng4 12.Be2 Nge5 13.Nf3 Be7 14.Rhg1 b5 15.Rdf1 b4
16.Nd1 hxg5 17.Bxg5 Bxg5 18.Qxg5 Qxg5+ 19.Nxg5 Nd4 20.Rf2 Nxe2+ 21.Rxe2 Rxh2
22.Rf2 Rc8 23.Kd2 Rh5 24.Nf3 Bc6 25.Re1 Bb7 26.Nxe5 Rxe5 27.Rf4 Ke7 28.Ref1 Rf8
29.Nf2 Rg5 30.g4 a5 31.Rh1 d5 32.Rh7 dxe4 33.Nxe4 Re5 34.Nf2 Rd5+ 35.Nd3 Rg5
36.Ke3 Bd5 37.a3 bxa3 38.bxa3 Bc6 39.Rc4 Kd6 40.Rd4+ Rd5 41.Rf4 Rg5 42.Rd4+ Rd5
43.Rf4 Rg5 44.Rd4+  1/2-1/2

[Event "TCh-HUN 2008-9"]
[Site "Mako HUN"]
[Date "2008.10.26"]
[Round "1"]
[White "Domany,Z"]
[Black "Gara,T"]
[Result "0-1"]
[WhiteElo "2194"]
[BlackElo "2312"]

1.e4 c5 2.Nf3 d6 3.d4 cxd4 4.Nxd4 Nf6 5.Nc3 Nc6 6.Bg5 e6 7.Qd2 a6 8.O-O-O Bd7
9.f3 Be7 10.h4 Qc7 11.Nxc6 Bxc6 12.Ne2 b5 13.Nd4 Bb7 14.Kb1 Rc8 15.Be3 Nd7
16.g4 d5 17.exd5 Bxd5 18.Be2 Nb6 19.Nf5 exf5 20.Bxb6 Qxb6 21.Qxd5 O-O 22.Qxf5 g6
23.Qf4 Qc5 24.Bd3 Bd6 25.Qh6 Be5 26.h5 Qb4 27.Qc1 a5 28.a3 Qc5 29.f4 Bg7
30.f5 gxf5 31.Bxf5 Rcd8 32.Rxd8 Rxd8 33.Qg5 Qd4 34.c3 Qf6 35.Qe3 h6 36.Rf1 Qd6
37.Qa7 b4 38.Bc2 Rd7 39.Qxa5 bxc3 40.bxc3 Qb8+ 41.Ka2 Ra7 42.Qf5 Qd6 43.a4 Qc6
44.Qf4 Qxc3 45.Qb8+ Bf8 46.Qb3 Qc6 47.Qd3 Qe6+ 48.Bb3 Rxa4+ 49.Kb1 Rb4 50.Ka2 Rxb3
51.Qxb3 Qa6+ 52.Kb2 Qxf1 53.Qa4 Bg7+ 54.Kc2 Qe2+ 55.Kc1 Qb2+  0-1

[Event "TCh-HUN 2008-9"]
[Site "Mako HUN"]
[Date "2008.10.26"]
[Round "1"]
[White "Butunoi,A"]
[Black "Lupulescu,C"]
[Result "0-1"]
[WhiteElo "2394"]
[BlackElo "2594"]

1.e4 c5 2.Nf3 d6 3.d4 cxd4 4.Nxd4 Nf6 5.Nc3 Nc6 6.Bg5 e6 7.Qd2 a6 8.O-O-O Bd7
9.f4 b5 10.Nxc6 Bxc6 11.Qe1 h6 12.Bh4 Be7 13.e5 Nd5 14.Bxe7 Qxe7 15.Nxd5 Bxd5
16.Bd3 Rc8 17.Kb1 O-O 18.Rg1 dxe5 19.Qxe5 Rfd8 20.g4 Bc4 21.Bxc4 Rxc4 22.b3 Rcc8
23.h3 Qh4 24.Qe3 Qf6 25.a3 g6 26.Rgf1 Rxd1+ 27.Rxd1 Rc3 28.Qb6 Qxf4 29.Qa5 Rc6
30.Qd8+ Kg7 31.Qe8 Qe4 32.Rd2 Rc3 33.Kb2 Qe5 34.Ka2 Qc7 35.Kb2 Rxh3 36.Qd7 Qxd7
37.Rxd7 Rh4 38.c4 bxc4 39.bxc4 Rxg4 40.Kb3 Rg5 41.Ra7 h5 42.Kb4 h4 43.Rd7 a5+  0-1

[Event "TCh-HUN 2008-9"]
[Site "Szombathely HUN"]
[Date "2008.10.26"]
[Round "1"]
[White "Ruck,T"]
[Black "Paschall,W"]
[Result "0-1"]
[WhiteElo "2328"]
[BlackElo "2351"]

1.e4 c5 2.Nf3 Nc6 3.d4 cxd4 4.Nxd4 Nf6 5.Nc3 d6 6.Bg5 e6 7.Qd2 Qb6 8.Nb3 a6
9.a4 Na5 10.Nxa5 Qxa5 11.Bd3 Be7 12.O-O h6 13.Bf4 g5 14.Be3 Ng4 15.Bd4 e5
16.Be3 Nxe3 17.fxe3 Be6 18.Qe2 Rc8 19.Nd5 Bxd5 20.exd5 Qxd5 21.c4 Qe6 22.Qf3 Rc7
23.b3 g4 24.Qe4 Bg5 25.Rf5 Rg8 26.Kh1 h5 27.Raf1 f6 28.Be2 Rh8 29.R5f2 Rg7
30.Rd1 Rd7 31.Rd5 Rf8 32.Bd3 f5 33.Rxf5 Rdf7 34.Rxf7 Qxf7 35.Qg6 Qxg6 36.Bxg6+ Ke7
37.Rd1 h4 38.e4 Rf2 39.Bf5 g3 40.Bc8 Be3 41.a5 Rb2 42.hxg3 hxg3 43.Bxb7 Rxb3
44.Bc8 Rb8 45.Bg4 Rh8+ 46.Bh3 Rh4 47.Re1 Rxe4  0-1

[Event "WYCC Girls U16"]
[Site "Vung Tau City VIE"]
[Date "2008.10.26"]
[Round "7"]
[White "Papp,P"]
[Black "Tsatsalashvili,K"]
[Result "1/2-1/2"]
[WhiteElo "2126"]
[BlackElo "2235"]

1.e4 c5 2.Nf3 d6 3.d4 cxd4 4.Nxd4 Nf6 5.Nc3 Nc6 6.Bg5 e6 7.Qd2 Qb6 8.Nb3 Be7
9.Bxf6 gxf6 10.O-O-O Bd7 11.f4 Rg8 12.g3 h5 13.Be2 h4 14.g4 O-O-O 15.Kb1 Kb8
16.Qe1 Rh8 17.Rd3 Rh7 18.Rf1 Rc8 19.Rff3 Nb4 20.Rd1 e5 21.f5 Bc6 22.Rh3 a5
23.Nd2 d5 24.exd5 Bxd5 25.Nxd5 Nxd5 26.Nc4 Qc5 27.Rxd5 Qxd5 28.Nb6 Bb4 29.Qf1 Qc6
30.Nxc8 Qxc8 31.a3 Bd6 32.Qe1 Bc7 33.Rxh4 Rxh4 34.Qxh4 Qd8 35.Qe1 Qd4 36.h4 e4
37.Qd1 Qxd1+ 38.Bxd1 Bf4 39.c3 Kc7 40.Bb3 e3 41.Bd1 Kd6 42.Kc2 Bg3 43.h5 Bf4
44.Kd3 b6 45.Bb3 Ke7 46.Ke2 Kf8 47.a4 Ke7 48.Bc4 Kf8 49.b4 Be5 50.Kxe3 Bxc3
51.bxa5 bxa5 52.Ke4  1/2-1/2

[Event "WYCC Boys U14"]
[Site "Vung Tau City VIE"]
[Date "2008.10.26"]
[Round "7"]
[White "Narayanan,Sr"]
[Black "Bukavshin,I"]
[Result "1-0"]
[WhiteElo "2412"]
[BlackElo "2376"]

1.e4 c5 2.Nf3 Nc6 3.d4 cxd4 4.Nxd4 Nf6 5.Nc3 d6 6.Bg5 e6 7.Qd2 a6 8.O-O-O Nxd4
9.Qxd4 Be7 10.h4 b5 11.f3 O-O 12.Kb1 Bb7 13.g4 Rc8 14.Bd3 Nd7 15.Be2 Rc6
16.Bxe7 Qxe7 17.h5 h6 18.f4 Rd8 19.Rhg1 e5 20.Nd5 Qf8 21.fxe5 dxe5 22.Qd3 Rdc8
23.g5 hxg5 24.Bg4 Nc5 25.Bxc8 Rxc8 26.Qe3 f6 27.Rgf1 Ne6 28.Nb6 Qc5 29.Qxc5 Rxc5
30.b4 Rc7 31.Rd6 Nf4 32.Nd5 Rc4 33.Rd8+ Kh7 34.Rd1 Bc6 35.h6 Rxe4 36.Ne7 Rxb4+
37.Ka1 Be4 38.hxg7 Kxg7 39.R1d7 Rc4 40.Nd5+ Kg6 41.Rg8+ Kh5 42.Nxf6+ Kh4
43.Re7 Bxc2 44.Rxe5 Bd1 45.Rh8+ Kg3 46.Ne4+ Rxe4 47.Rxe4 g4 48.Rf8 Nh3 49.Re6 Bf3
50.Rxa6 Kf2 51.Rh6 Kg2 52.Rg6 Nf2 53.Rfg8 Kh3 54.Kb2 Nh1 55.a3 Nf2 56.Kc3 Be2
57.Kd4 Bc4 58.R8g7 Kg3 59.Rg5 Bf1 60.Rf5 Kg2 61.Ke3 Nd1+ 62.Kd2 Nf2 63.Rxf2+ Kxf2
64.Rxg4 Bh3 65.Rf4+ Kg3 66.Ke3 Be6 67.Rb4 Bd7 68.Ke4 Kf2 69.Rb2+ Ke1 70.Ke3 Kf1
71.Kd4  1-0

[Event "WYCC Boys U14"]
[Site "Vung Tau City VIE"]
[Date "2008.10.28"]
[Round "9"]
[White "Givon,A"]
[Black "Van Kampen,R"]
[Result "0-1"]
[WhiteElo "2101"]
[BlackElo "2307"]

1.e4 c5 2.Nf3 d6 3.d4 cxd4 4.Nxd4 Nf6 5.Nc3 Nc6 6.Bg5 e6 7.Qd2 a6 8.O-O-O Bd7
9.f4 b5 10.Bxf6 gxf6 11.Kb1 b4 12.Nce2 Qb6 13.f5 Nxd4 14.Nxd4 e5 15.Ne2 Bc6
16.Ng3 Qc5 17.Bd3 a5 18.Nh5 Ke7 19.g4 Rg8 20.Rhg1 a4 21.g5 fxg5 22.f6+ Kd7
23.Ng3 a3 24.b3 Rg6 25.Bc4 h6 26.Rgf1 Ke8 27.Qe2 Ra7 28.Qg4 Rc7 29.Rd2 Bd7
30.Qh5 Be6 31.Qe2 Bxc4 32.Qxc4 Qxc4 33.bxc4 Rxc4 34.Rd5 Rc5 35.Rd3 Kd7 36.Rb3 Rc4
37.c3 d5 38.exd5 Rf4 39.Re1 Rgxf6 40.Nh5 bxc3 41.Nxf6+ Rxf6 42.Re2 Rf1+ 43.Kc2 Bd6
44.Rb7+ Kc8 45.Rb6 Kc7 46.Rc6+ Kd7 47.Re4 Rf4 48.Re1 Rd4 49.Rf1 Rxd5 50.Rxc3 Rb5
51.Rxf7+ Ke6 52.Rh7 Rb2+ 53.Kd3 Rxh2 54.Rc2 e4+ 55.Kc3 Be5+ 56.Kb3 Rh3+ 57.Kb4 Bd6+
58.Kc4 Kf5 59.Rf7+ Kg6 60.Ra7 Be5 61.Kd5 Kf5 62.Rf7+ Bf6 63.Rf2+ Rf3 64.Rh2 Rd3+
65.Kc4 Kg6 66.Rf8 g4 67.Rg8+ Bg7 68.Re2 Kf7 69.Ra8 Rf3 70.Rxe4 h5 71.Ra5 Kg6
72.Re6+ Bf6 73.Ra8 g3 74.Rg8+ Kh7 75.Ree8 Bg7 76.Ra8 g2  0-1

[Event "WYCC Boys U14"]
[Site "Vung Tau City VIE"]
[Date "2008.10.28"]
[Round "9"]
[White "Malureanu,C"]
[Black "Kantans,T"]
[Result "1/2-1/2"]
[WhiteElo "1948"]
[BlackElo "2146"]

1.e4 c5 2.Nf3 Nc6 3.d4 cxd4 4.Nxd4 Nf6 5.Nc3 d6 6.Bg5 e6 7.Qd2 Bd7 8.O-O-O a6
9.f4 h6 10.Bh4 g5 11.fxg5 Ng4 12.Be2 Nge5 13.Nf3 Be7 14.Rhg1 b5 15.Rdf1 b4
16.Nd1 hxg5 17.Bxg5 Bxg5 18.Nxg5 Qa5 19.Kb1 Qc5 20.Nf3 a5 21.Qe3 Nxf3 22.gxf3 Nd4
23.Bd3 Rc8 24.Rg5 e5 25.Rfg1 Ke7 26.Rg7 Ne6 27.Qxc5 dxc5 28.R7g3 Rxh2 29.Ne3 Nf4
30.Bc4 Be6 31.Rd1 a4 32.Rgg1 a3 33.Bxe6 Kxe6 34.Nf5 Rc6 35.Rg8 axb2 36.Re8+ Kf6
37.Ne3 Re2 38.Ng4+ Kg7 39.Nxe5 Re6 40.Rg1+ Ng2 41.Rxe6 fxe6 42.Kxb2 Kf6 43.Nd7+ Ke7
44.Nxc5 Ne1 45.Kb3 Nxf3 46.Rd1 Ne1 47.Rc1 Kd6 48.Nd3 Nxd3 49.cxd3 Rd2 50.Rc4 Rxd3+
51.Kxb4 Rd1 52.a4 Rb1+ 53.Ka5 Rb2 54.Ka6 Rb1 55.a5 Rb2 56.Ka7 Ra2 57.a6 Rb2
58.Rc8 Rb4 59.Rd8+ Kc7 60.Rd2 Rxe4 61.Rc2+ Kd7 62.Kb6 Rb4+  1/2-1/2

[Event "Vasylyshyn Mem"]
[Site "Lviv UKR"]
[Date "2008.10.29"]
[Round "13"]
[White "Muzychuk,M"]
[Black "Margvelashvili,G"]
[Result "1/2-1/2"]
[WhiteElo "2436"]
[BlackElo "2478"]

1.e4 c5 2.Nf3 d6 3.d4 cxd4 4.Nxd4 Nf6 5.Nc3 Nc6 6.Bg5 e6 7.Qd2 Be7 8.O-O-O Nxd4
9.Qxd4 a6 10.f4 b5 11.Bxf6 gxf6 12.Kb1 Bb7 13.f5 Qc7  1/2-1/2

[Event "8th Rohde Open"]
[Site "Sautron FRA"]
[Date "2008.10.29"]
[Round "6"]
[White "Gallant,A"]
[Black "Monroy,C"]
[Result "0-1"]
[WhiteElo "1871"]
[BlackElo "2400"]

1.e4 c5 2.Nf3 d6 3.d4 cxd4 4.Nxd4 Nf6 5.Nc3 Nc6 6.Bg5 e6 7.Qd2 a6 8.O-O-O Bd7
9.f4 h6 10.Bxf6 gxf6 11.f5 Qc7 12.g3 h5 13.Kb1 O-O-O 14.Bh3 Nxd4 15.Qxd4 Be7
16.Rd3 Kb8 17.Ne2 Rc8 18.Rc3 Qa5 19.Rxc8+ Rxc8 20.Nc3 Qe5 21.Qxe5 dxe5 22.Rd1 Kc7
23.Bg2 Bb4 24.fxe6 fxe6 25.Rd3 Bc6 26.a3 Ba5 27.b4 Bb6 28.Bf3 Rh8 29.a4 h4
30.g4 Bd4 31.b5 Bd7 32.Kc1 Ra8 33.Kd2 Be8 34.Ke1 Kb6 35.Kd2 Rc8 36.Ne2 Bc5
37.Rb3 Ka5 38.bxa6 bxa6 39.Rb2 Bxa4 40.Ra2 Bb4+ 41.Kd3 Rd8+ 42.Kc4 Rd2 43.h3 Rxc2+
44.Rxc2 Bxc2 45.Nc3 Bxc3 46.Kxc3 Ba4 47.g5 fxg5 48.Bg4 Bd7 49.Bd1 Kb6 50.Bb3 Kc5
51.Bc4 a5 52.Bb3 a4 53.Bc4 Bc6 54.Bd3 Bb5  0-1

[Event "WYCC Girls U18"]
[Site "Vung Tau City VIE"]
[Date "2008.10.29"]
[Round "10"]
[White "Shlakich,A"]
[Black "Pham Thi Thu Hien"]
[Result "0-1"]
[WhiteElo "2203"]
[BlackElo "2006"]

1.e4 c5 2.Nf3 Nc6 3.d4 cxd4 4.Nxd4 Nf6 5.Nc3 d6 6.Bg5 e6 7.Qd2 a6 8.O-O-O Be7
9.f4 Qc7 10.Kb1 Bd7 11.Nf3 Rd8 12.Qe1 Bc8 13.Bd3 Nd7 14.Nd5 exd5 15.exd5 f6
16.dxc6 bxc6 17.Bh4 Nc5 18.Be2 O-O 19.Nd4 d5 20.Bf3 Rfe8 21.Qc3 Bd7 22.Nb3 Qd6
23.Qd2 Nxb3 24.axb3 a5 25.g4 Qb4 26.f5 Qb5 27.Qd3 Qb6 28.Rhe1 h6 29.Bg3 Bc8
30.h4 Ba6 31.Qd2 Bb4 32.c3 Bc5 33.Bf4 Qxb3 34.Qc2 Bc4 35.Qxb3 Bxb3 36.Rxe8+ Rxe8
37.Rh1 Bf2 38.Bd2 Re5 39.Kc1 Be3 40.Rh2 Kf7 41.Be2 Bxd2+ 42.Kxd2 Re4 43.Bf3 Re7
44.Rg2 c5 45.Be2 Rb7 46.Ke3 a4 47.Kf4 Rd7 48.g5 fxg5+ 49.hxg5 hxg5+ 50.Kxg5 d4
51.Bh5+ Kf8 52.cxd4 cxd4 53.Rd2 d3 54.Bf3 Rd4 55.Bg2 Bc2 56.Bf1 Kf7 57.Bg2 Ke7
58.Kg6 Rg4+ 59.Kh5 Rg3 60.Kh4 Re3 61.Bf1 Rf3 62.Bh3 Kf6 63.Rg2 Re3 64.Rg6+ Kf7
65.Rd6 Bd1 66.Bg2 Bb3 67.Bf1 Bc2 68.Kg4 Bd1+ 69.Kg5 Be2 70.Kf4 Rf3+ 71.Ke4 Rxf1  0-1

[Event "WYCC Boys U14"]
[Site "Vung Tau City VIE"]
[Date "2008.10.29"]
[Round "10"]
[White "Swiercz,D"]
[Black "Lagarde,Max"]
[Result "1-0"]
[WhiteElo "2478"]
[BlackElo "2332"]

1.e4 c5 2.Nf3 d6 3.d4 cxd4 4.Nxd4 Nf6 5.Nc3 Nc6 6.Bg5 e6 7.Qd3 a6 8.O-O-O Nxd4
9.Qxd4 Be7 10.f4 O-O 11.Be2 b5 12.Bxf6 Bxf6 13.e5 dxe5 14.Qe4 Qb6 15.Bd3 g6
16.fxe5 Bg7 17.Qf4 Qc7 18.Rde1 Bb7 19.Re2 Qa5 20.a3 Rab8 21.h4 Bc6 22.Na2 Qc7
23.h5 Rfd8 24.Kb1 a5 25.hxg6 hxg6 26.Qh4 Be8 27.Nc1 Rd5 28.Bxg6 fxg6 29.Qh7+ Kf8
30.Rf1+ Bf7 31.Ref2 Rd7 32.Nd3 g5 33.Qg6 Kg8 34.Qxg5 Qd8 35.Qg4 b4 36.axb4 axb4
37.Nc5 Rc7 38.Rxf7  1-0

[Event "WYCC Girls U18"]
[Site "Vung Tau City VIE"]
[Date "2008.10.29"]
[Round "10"]
[White "Gosciniak,M"]
[Black "Zhorzholiani,M"]
[Result "1/2-1/2"]
[WhiteElo "2161"]
[BlackElo "2122"]

1.e4 c5 2.Nf3 d6 3.d4 cxd4 4.Nxd4 Nf6 5.Nc3 Nc6 6.Bg5 e6 7.Qd2 Qb6 8.Bxf6 gxf6
9.Nb3 Bd7 10.O-O-O O-O-O 11.f4 Rg8 12.Kb1 Kb8 13.g3 Na5 14.f5 Nxb3 15.axb3 Qc5
16.Bh3 Rg5 17.Rhf1 Qe5 18.Qf2 Rh5 19.Bg4 Rg5 20.Be2 Be7 21.g4 Bc6 22.Rfe1 Qc5
23.Qf1 a6 24.h3 Rc8 25.Bf3 b5 26.Rd2 Bb7 27.Red1 Rgg8 28.Ne2 Qe5 29.Nd4 Rc5
30.Re1 Rgc8 31.b4 Rc4 32.c3 Bd8 33.Qd3 Bb6 34.Nc2 Rd8 35.Na3 Qg3 36.Qf1 Rc7
37.Bh1 Qe5 38.Qe2 Rcd7 39.Red1 Qf4 40.Nc2 Rh8 41.Rf1 Qg5 42.Qd1 Rhd8 43.Nd4 e5
44.Nb3 Qe3 45.Re1 Qxh3 46.Ka1 Qh6 47.Rd3 Bc6 48.Re2 Kc7 49.Red2 Qf4 50.Qe2 Ra8
51.Kb1 Rb8 52.Bf3 Bb7 53.Ka1 Re8 54.Nc5 Bxc5 55.bxc5 Red8 56.Rxd6 Rxd6 57.Rxd6 Rxd6
58.cxd6+ Kxd6 59.Kb1 Qg3 60.b4 Qg1+ 61.Kb2 Ke7 62.Bg2 Qh2 63.Kc2 Qg1 64.Kb2 Qb6
65.Bf3 a5 66.bxa5 Qxa5 67.Qd2 Qa4 68.Qe3 Qc4 69.Qa7 Qc6 70.Qa3+ Ke8 71.Qa7 Qd7
72.Qb6 Qc6 73.Qxc6+ Bxc6 74.Kb3 Kd7 75.Kb4 Kd6 76.Bg2 h6 77.Bf3 Kd7 78.Kc5 Kc7
79.Bg2 Kd7 80.Bf3  1/2-1/2